000 00724nam a22002057a 4500
008 130821s1909 fr gr fre
040 _aCo-BoUCM
_bspa
041 0 0 _afre
100 _aHuysmans, Joris-Karl
_d1848-1907
_9109793
245 0 4 _aLesfoules de Lourdes
_cJoris Karl Huysmans
250 _a28a ed.
260 _aParís (Francia)
_bLibrairie Plon Nourrit
_c1909
300 _a314 páginas
600 _aVirgen María
_xTeología
_9894
600 _aVirgen María
_xTeología
_xApariciones y milagros
_9145643
600 _aVirgen María
_xTeología
_xLeyendas
_9149561
650 0 4 _aApariciones y milagros
_99233
942 _cLIBRO
_a4
_e28
_mH89
_n0
_2DEWEY
_h232.91
999 _c85954
_d85954